Luis Peña Ganchegui conversations

Bibliographic Details
Main Author: Roqueta, Santiago
Format: Section = Libro
Language:Undetermined
Spanish
Published: Barcelona Blume 1979
Subjects:
LEADER 00420nam a2200169Ia 4500
008 240829s9999 xx 000 0 und d
040 |a BIBLIOTECA-RUSB/ 720.72 R786 
041 |a spa 
082 |a 720.72 R786 
100 1 |a Roqueta, Santiago 
245 1 0 |a Luis Peña Ganchegui conversations 
260 |a Barcelona  |b Blume  |c 1979 
300 |a 103 p. :il. 
650 7 |a ARQUITECTOS 
942 |c BK  |2 ddc 
991 |a TEXTO 
999 |c 5046